Growth, macroeconomic stability and employment expansion : issues in the design of a global strategy /

Saved in:
Bibliographic Details
Corporate Authors: International Labour Office, United Nations Development Programme, ILO/UNDP Project: Economic Policy and Employment
Other Authors: Méndez, María Teresa, Tenjo, Jaime
Format: Book
Language:English
Published: Geneva : New York : International Labour Office ; United Nations Development Programme, 1993.
Series:Paper (ILO/UNDP Project: Economic Policy and Employment) ; no. 1.
Subjects:
LEADER 01465cam a22003253 4500
001 c000265851
003 CARM
005 20070730165252.0
008 940817s1994 sz 000 0 eng d
019 1 |a 11076867  |5 LACONCORD2021 
020 |a 9221092267 
035 |a (OCoLC)430194217  |5 LACONCORD2021 
040 |a VU  |b eng  |c VU  |d VCAV 
245 1 0 |a Growth, macroeconomic stability and employment expansion :  |b issues in the design of a global strategy /  |c A.R. Khan. 
260 |a Geneva :  |b International Labour Office ;  |a New York :  |b United Nations Development Programme,  |c 1993. 
300 |a 29 p. :  |b tables ;  |c 30 cm. 
490 1 |a Paper / ILO/UNDP Project: Economic Policy and Employment ;  |v no. 1 
500 |a Paper prepared under the ILO/UNDP project "Economic policy and employment". November 1993. 
504 |a Includes bibliographical references. 
650 0 |a Labor policy. 
650 0 |a Economic policy. 
700 1 |a Méndez, María Teresa. 
700 1 |a Tenjo, Jaime. 
710 2 |a International Labour Office. 
710 2 |a United Nations Development Programme. 
710 2 |a ILO/UNDP Project: Economic Policy and Employment. 
830 0 |a Paper (ILO/UNDP Project: Economic Policy and Employment) ;  |v no. 1. 
852 8 |b CARM  |h A1:AO18C0  |i F02491  |p 0382972  |f BK 
999 f f |i 4c4f8921-5f2f-5418-b621-69973b847982  |s 890439f5-e15f-5b66-9beb-c860518d3f91 
952 f f |p Can circulate  |a CAVAL  |b CAVAL  |c CAVAL  |d CARM 1 Store  |e F02491  |f A1:AO18C0  |h Other scheme  |i book  |m 0382972